000 00965nam a22003017a 4500
001 9273
003 FISKH
005 20251209081141.0
008 251209b cb ||||| |||| 00| 0 eng d
020 _a0448421534
040 _aFISKH
_beng
_cFISKH
_dFISKH
050 _aPZ7.L8432 F
082 _a808.068
100 _aLondon, Jonathan
_eAuthor
245 _aFroggy bakes a cake /
_cBy Jonathan London ; illustrated by Frank Remkiewicz
260 _aNew York :
_bGrosset & Dunlap ,
_c2000
300 _a26 unnumbered pages :
_bcolor illustrations ;
_c21 cm
490 _aFroggy
505 _aL
520 _aAs he helps his father prepare to celebrate his mother's birthday, Froggy makes a big mess trying to do things his own way.
521 8 _a520
_bLexile
521 8 _aL
_bRaz-Plus
650 _aBaking
_vFiction
650 _aBirthdays
_vFathers and sons
700 _aRemkiewicz, Frank
_eIllustrator
942 _2ddc
_cBK
_n0
999 _c9273
_d9273